000 00658nam a2200241Ia 4500
001 50607
005 20240114005156.0
007 ta
008 090610s1965 g b000 u 465 u
040 _aCotton College,Assam
041 _a465
082 _a150
_bRYL
100 _aRyle, Gilbert .
245 0 _aMind: A Quarterly Review of Psychology and Philosophy Vol. LXXIV /
_cGilbert Ryle.
_hTextual Documents
250 _a1st ed /
260 _aEdinburgh :
_bT. Nelson & Sons Ltd. ,
_c1965.
300 _a308p ;
_c23 cm.
653 _aJournals
653 _aBV-Philosophy
942 _2ddc
_cBK
999 _c50572
_d50572